000 00639nam a2200265Ia 4500
005 20260121161410.0
008 008 260114s9999 xx 000 0 eng d
020 _a9781315135908
037 _aEBOOK
040 _aCRL
040 _beng
040 _cCRL
041 _2eng
041 _aeng
084 _qCRL
100 _aWomen's Rights and the French Revolution
_91044152
245 0 _aSophie Mousset
260 _bTaylor and Francis
260 _c2007
650 _aHistory
_91044153
856 _uhttp://www.taylorfrancis.com/books/9781315135908
942 _cEBOOK
999 _c1610483
_d1610483